LEADER 01553nas a2200289 i 4500 001 000000171082 003 CaOOAMICUS 005 20080417000000.0 008 080417b2006 pl uu u0 0pol r 013 $a148506 040 $aSeMil$bita 245 10$aLiteratura Polska =$bLitterature Polonaise = Polish Literature. 246 01$aLitterature Polonaise = Polish Literature 246 04$iTitolo in copertina:$aJuliusz Slowacki 260 $aLublin :$bTowarzystwo Naukowe Katolickiego Uniwersytetu Lubelskiego Jana Pawla 2.,$c2006 (copyr. 2007) 300 $a235 p. ;$c24 cm. 500 $aDoppio frontespizio a fronte con formulazione parallela del titolo in francese e in inglese. - Articoli con sintesi in inglese [Summary] in coda. 700 1 $aSlowacki, Juliusz <1809-1849>.$0(OLS)http://semarc/name/63987 773 0 $tRoczniki Humanistyczne.$dLublin : Towarzystwo Naukowe Katolickiego Uniwersytetu Lubelskiego, 1949.$x0035-7707$w()2885 774 0 $t[vedi periodico].$w()268539 850 $aSeMil 852 $aSeMil$W1$xVenegono$y1$m216 1 100$j121959$B121959$CSeMilBibl$Z2$F133183 $85 961 $aCambio: Scuola Cattolica 996 $6245$aLiteratura Polska =$bLitterature Polonaise = Polish Literature$9(OLS)http://semarc/title/145209 996 $6246$aLitterature Polonaise = Polish Literature$9(OLS)http://semarc/title/406309 996 $6246$aJuliusz Slowacki$9(OLS)http://semarc/title/244735 996 $6260$aLublin :$bTowarzystwo Naukowe Katolickiego Uniwersytetu Lubelskiego Jana Pawla 2.$9(OLS)http://semarc/publisher/49000 LEADER 01171nam a2200217 i 4500 001 000000258807 003 CaOOAMICUS 005 20180611000000.0 008 180611s2008 xx u000 u mul u 013 $a237715 040 $aSeMil$bita 245 10$aCompendium vitae, virtutum ac miraculorum necnon Actorum in Causa Canonizationis Beati Mariae Raphaelis Arnaiz Baron :$bFratris Oblati Ordinis Cistercensis Strictioris Observantiae (1911-1938) 260 $aRomae :$bIn Typographia Nova Res,$c2008. 300 $a14 p. ;$c27 cm. 500 $aIn calce al front. : E tabulario Congregationis de Causis Sanctorum. 600 14$aArnáiz Barón, Rafael .$0(OLS)http://semarc/subject/9890 850 $aSeMil 852 $aSeMil$W1$xVenegono$y1$m6W I 69/19$j209153$B209153$CSeMilBibl$Z2$F222824 $8I 961 $aOmaggio: Altro 996 $6245$aCompendium vitae, virtutum ac miraculorum necnon Actorum in Causa Canonizationis Beati Mariae Raphaelis Arnaiz Baron :$bFratris Oblati Ordinis Cistercensis Strictioris Observantiae (1911-1938)$9(OLS)http://semarc/title/413711 996 $6260$aRomae :$bIn Typographia Nova Res$9(OLS)http://semarc/publisher/53271